MARC

LEADER 00000nam0a2200000 4500
001 192728
005 20231031181447.0
010 |a 5705001061 
035 |a (RuTPU)RU\TPU\book\210154 
090 |a 192728 
100 |a 20110309d1990 m y0rusy50 ca 
101 0 |a rus 
102 |a RU 
105 |a a z 001zy 
200 1 |a Экономика метрологического обеспечения качества продукции и ресурсосбережения  |f В. А. Патричный 
210 |a Москва  |c Изд-во стандартов  |d 1990 
215 |a 176 с.  |c ил. 
320 |a Библиогр.: с. 173-176. 
610 1 |a продукция 
610 1 |a качество 
610 1 |a метрологическое обеспечение 
610 1 |a исследование 
610 1 |a ресурсосбережение 
610 1 |a экономическая эффективность 
610 1 |a контроль 
610 1 |a точность 
610 1 |a экономические вопросы 
610 1 |a оценка 
610 1 |a расчеты 
610 1 |a оптимизация 
610 1 |a экономические проблемы 
675 |a 658.562.6  |v 3 
700 1 |a Патричный  |b В. А.  |g Вячеслав Анатольевич 
801 1 |a RU  |b 63413507  |c 20110309 
801 2 |a RU  |b 63413507  |c 20110315  |g RCR 
942 |c BK